000 00337nam a2200121Ia 4500
008 220216s9999 xx 000 0 und d
100 _aSanjeev K S
245 0 _aKonchery coir factories: Rubber coir product major with worldwide clientele
260 _bRubber Asia
_c2005
300 _a141
650 _aRubber coir product
942 _cJS
999 _c61882
_d61882